Advanced microprocessors and IBM-PC assembly language progra (Record no. 136419)

000 -LEADER
fixed length control field 00321nam a2200121Ia 4500
008 - FIXED-LENGTH DATA ELEMENTS--GENERAL INFORMATION
fixed length control field 220120s9999||||xx |||||||||||||| ||und||
020 ## - INTERNATIONAL STANDARD BOOK NUMBER
International Standard Book Number 8178130637
082 ## - DEWEY DECIMAL CLASSIFICATION NUMBER
Classification number 005.13 KUM
100 ## - MAIN ENTRY--PERSONAL NAME
Personal name Kumar, Udhay
245 #0 - TITLE STATEMENT
Title Advanced microprocessors and IBM-PC assembly language progra
260 ## - PUBLICATION, DISTRIBUTION, ETC.
Name of publisher, distributor, etc. New Delhi
300 ## - PHYSICAL DESCRIPTION
Extent 208p.
Other physical details 0
Holdings
Withdrawn status Lost status Damaged status Not for loan Collection code Home library Current library Date acquired Barcode Date last seen Price effective from Koha item type
        Computer Science and Engineering Central Library Central Library 01/20/2022 GF278 01/20/2022 01/20/2022 Gift Books

Powered by Koha